000 00445nam a2200157Ia 4500
008 160316s1995 xxu||||| |||| 00| 0 eng d
082 _a342.085000
_bDAR
100 _aDarby John
245 _aNorthern Ireland: Managing difference minority rights group international
250 _a
260 _a
_bMinority Rights Group
_c1995
300 _a38
_b
_c
365 _b
650 _a1. Minority rights 2. Policy - limits of policy
700 _a
_a
999 _c36619
_d36619